Central Library OPAC University of Rajshahi

শিক্ষা : (Record no. 48993)

MARC details
000 -LEADER
fixed length control field 00926nam a2200229 a 4500
001 - CONTROL NUMBER
control field 48993
003 - CONTROL NUMBER IDENTIFIER
rucl marc code BD-RjUL
005 - DATE AND TIME OF LATEST TRANSACTION
control field 20211209054623.0
008 - FIXED-LENGTH DATA ELEMENTS--GENERAL INFORMATION
fixed length control field 160817b ii ||||| |||| 00| 0 ben d
035 ## - SYSTEM CONTROL NUMBER
System control number (BD-RjUL)49112
040 ## - CATALOGING SOURCE
Original cataloging agency BD-RjUL
Language of cataloging ben
Transcribing agency BD-RjUL
041 ## - LANGUAGE CODE
Language code of text/sound track or separate title ben
082 ## - DEWEY DECIMAL CLASSIFICATION NUMBER
Edition number 23
Classification number 370.15
Author mark and year SES
100 ## - MAIN ENTRY--PERSONAL NAME
Personal name সেনগুপ্ত, রমনীরঞ্জন
9 (RLIN) 147491
245 10 - TITLE STATEMENT
Title শিক্ষা :
Remainder of title শিক্ষা বিজ্ঞান ও শিক্ষাদান প্রনালী /
Statement of responsibility, etc. রমনীরঞ্জন সেনগুপ্ত
250 ## - EDITION STATEMENT
Edition statement ৪র্থ সং.
260 ## - PUBLICATION, DISTRIBUTION, ETC. (IMPRINT)
Place of publication, distribution, etc. কলিকাতা :
Name of publisher, distributor, etc. প্রেসিডেন্দি লাইব্রেরী,
Date of publication, distribution, etc. [?]
300 ## - PHYSICAL DESCRIPTION
Pagination ৫৬৮ পৃ. ;
Size ২৩ সেমি.
650 ## - SUBJECT ADDED ENTRY--TOPICAL TERM
Topical term or geographic name as entry element শিক্ষাগত সমাজবিজ্ঞান
9 (RLIN) 147492
Topical term or geographic name as entry element Educational sociology
9 (RLIN) 147493
942 ## - ADDED ENTRY ELEMENTS (KOHA)
Source of classification or shelving scheme Dewey Decimal Classification
Koha item type Books
Holdings
Lost status Source of classification or shelving scheme Damaged status Not for loan Collection code Permanent Location Current Location Shelving location Date acquired Source of acquisition Cost, normal purchase price Total Checkouts Full call number Date last seen Date checked out Copy number Koha item type
  Dewey Decimal Classification     Non-fiction Central Library, University of Rajshahi Central Library, University of Rajshahi   18/07/1968 Nawroge 7.50 1 B 370.15 SES 10/10/2018 26/09/2018 C-2 Books